| 000 | 00560nam a22001577a 4500 | ||
|---|---|---|---|
| 005 | 20260409111934.0 | ||
| 008 | 260409b |||||||| |||| 00| 0 eng d | ||
| 040 |
_aLC _cUNZA _dUNZA _eRDA |
||
| 050 |
_aZAMB BV3520 _bGUI 1890 |
||
| 100 | _a Guinness, H.Grattan | ||
| 245 |
_aThe new world of Central Africa : _bwith a history of the first christian mission on the Congo / _cH.Grattan Guinness. |
||
| 260 |
_aLondon: _bHodder and Stoughton, _c1890. |
||
| 300 |
_axx, 538 pages: _billustrations, maps. |
||
| 650 |
_aMissions _zAfrica, Central. |
||
| 942 | _cZAMBIANA | ||
| 999 |
_c216568 _d216568 |
||